000
00233 a2200109 4500
001
63405
082
_a
378.1662 FOG
090
_c
37459
_d
37459
100
_a
Fogiel, M
245
_a
GRE Engineering Test
_h
English
260
_b
REA
942
_a
CAE NUST
_k
378.1662 FOG
999
_c
298478
_d
298478